<?xml version="1.0" encoding="UTF-8"?><?xml-stylesheet type="text/xsl" href="static/style.xsl"?><OAI-PMH xmlns="http://www.openarchives.org/OAI/2.0/" xmlns:xsi="http://www.w3.org/2001/XMLSchema-instance" xsi:schemaLocation="http://www.openarchives.org/OAI/2.0/ http://www.openarchives.org/OAI/2.0/OAI-PMH.xsd"><responseDate>2026-06-05T16:06:56Z</responseDate><request verb="GetRecord" identifier="oai:riuma.uma.es:10630/27657" metadataPrefix="marc">https://riuma.uma.es/rest/oai/request</request><GetRecord><record><header><identifier>oai:riuma.uma.es:10630/27657</identifier><datestamp>2026-02-03T12:22:05Z</datestamp><setSpec>com_10630_2254</setSpec><setSpec>col_10630_37959</setSpec></header><metadata><record xmlns="http://www.loc.gov/MARC21/slim" xmlns:dcterms="http://purl.org/dc/terms/" xmlns:doc="http://www.lyncode.com/xoai" xmlns:xsi="http://www.w3.org/2001/XMLSchema-instance" xsi:schemaLocation="http://www.loc.gov/MARC21/slim http://www.loc.gov/standards/marcxml/schema/MARC21slim.xsd">
   <leader>00925njm 22002777a 4500</leader>
   <datafield ind2=" " ind1=" " tag="042">
      <subfield code="a">dc</subfield>
   </datafield>
   <datafield ind2=" " ind1=" " tag="720">
      <subfield code="a">Zamorano-González, Pablo</subfield>
      <subfield code="e">author</subfield>
   </datafield>
   <datafield ind2=" " ind1=" " tag="720">
      <subfield code="a">Valverde, Nadia</subfield>
      <subfield code="e">author</subfield>
   </datafield>
   <datafield ind2=" " ind1=" " tag="720">
      <subfield code="a">Claros-Gil, Silvia</subfield>
      <subfield code="e">author</subfield>
   </datafield>
   <datafield ind2=" " ind1=" " tag="720">
      <subfield code="a">López-González, Manuel Víctor</subfield>
      <subfield code="e">author</subfield>
   </datafield>
   <datafield ind2=" " ind1=" " tag="720">
      <subfield code="a">Romero-Zerbo, Silvana Yanina</subfield>
      <subfield code="e">author</subfield>
   </datafield>
   <datafield ind2=" " ind1=" " tag="720">
      <subfield code="a">Lara, Estrella</subfield>
      <subfield code="e">author</subfield>
   </datafield>
   <datafield ind2=" " ind1=" " tag="720">
      <subfield code="a">Boraldi, Federica</subfield>
      <subfield code="e">author</subfield>
   </datafield>
   <datafield ind2=" " ind1=" " tag="720">
      <subfield code="a">Pavía-Molina, José</subfield>
      <subfield code="e">author</subfield>
   </datafield>
   <datafield ind2=" " ind1=" " tag="720">
      <subfield code="a">García-Fernández, María Inmaculada</subfield>
      <subfield code="e">author</subfield>
   </datafield>
   <datafield ind2=" " ind1=" " tag="720">
      <subfield code="a">Gago-Calderón, Belén</subfield>
      <subfield code="e">author</subfield>
   </datafield>
   <datafield ind2=" " ind1=" " tag="720">
      <subfield code="a">Martín-Montañez, Elisa</subfield>
      <subfield code="e">author</subfield>
   </datafield>
   <datafield ind2=" " ind1=" " tag="260">
      <subfield code="c">2023</subfield>
   </datafield>
   <datafield ind2=" " ind1=" " tag="520">
      <subfield code="a">El factor de crecimiento de la insulina-II (IGF-II) ha mostrado efectos antioxidantes y neuroprotectores en algunos trastornos neurodegenerativos, como es la Enfermedad de Parkinson (EP). &#xd;
Analizamos el efecto de IGF-II y la implicación de la esfingosina kinasa (SPHK), en la citoarquitectura/función mitocondrial tras provocar daño oxidativo con la administración de la neurotoxina MPTP y su metabolito activo. &#xd;
La línea celular SN4741 se trató con MPP+ solo/en presencia de IGF-II (2 h). Los tratamientos fueron reemplazados por medio/IGF-II (2h), respectivamente. Se estudió: morfología (microscopía electrónica, EM), tasa de consumo de oxígeno (OCR) y muerte celular (LDH). MPTP/probenecid(p) por vía parenteral (35d) indujo un daño progresivo en la vía nigroestriatal dopaminérgica (DA-NSP) de los animales. En los días 36-44, se inyectó vehículo. El grupo control recibió vehículo siguiendo el mismo régimen de administración (1-44d). Otro grupo se trató con IGF-II una vez inducido el daño por MPTP (22-44 días). Para investigar el papel de IGF-II en la alteración conductual inducida por MPTP/p, se evaluó el rendimiento motor. Se realizó inmunotinción para marcadores dopaminérgicos y astrogliosis. &#xd;
Las células tratadas con MPP+ mostraron menos mitocondrias (EM) y con pérdida parcial/total de crestas, alteraciones de membrana y forma hinchada. IGF-II mantuvo el número de mitocondrias con morfología similar al control. La disminución de OCR tras la administración de MPP+ (30%) se recuperó con IGF-II. SPHK está implicada en este mecanismo, como indica su inhibición (MPP++IGF-II+MPA-08 6 veces > LDH vs MPP++IGF-II). En animales, IGF-II recuperó el efecto de MPTP sobre los marcadores DA-NSP y sobre el rendimiento motor. &#xd;
IGF-II contrarresta el aumento del estrés oxidativo y la disfunción mitocondrial inducida por la neurotoxina, el deterioro conductual y la degeneración de DA-NSP. SPHK estaría involucrada en este mecanismo.</subfield>
   </datafield>
   <datafield ind1="8" ind2=" " tag="024">
      <subfield code="a">https://hdl.handle.net/10630/27657</subfield>
   </datafield>
   <datafield tag="653" ind2=" " ind1=" ">
      <subfield code="a">Parkinson, Enfermedad de - Tratamiento - Ensayos clínicos</subfield>
   </datafield>
   <datafield ind2="0" ind1="0" tag="245">
      <subfield code="a">IGF-II treatment prevents the oxidative damage derived by MPP+/MPTP administration in a cellular and animal model of Parkinson’s disease.</subfield>
   </datafield>
</record>
</metadata></record></GetRecord></OAI-PMH>